000 02364nam0a2200409 4500
001 RU\NLR\BIBL_A\022691118
005 20260312124241.0
010 _a978-5-6052413-5-5
_91000
021 _aRU
_bКН-П-25-067781
_9КН-П-25-6558
035 _a(NLR Aleph) 022691118
090 _a13635503
_c13635503
100 _a20251218d2025 k y0rusy50 ca
101 0 _arus
102 _aRU
105 _aacbhz|||010yy
181 0 _ab3
_bxb2e
181 0 _ai2
_baxxe
182 0 _an
200 1 _aКнига Памяти. Республика Беларусь
_iБрестская область
_e[80-летию освобождения Белорусской ССР от немецко-фашистских захватчиков и 80-летию Победы в Великой Отечественной войне 1941-1945 гг. посвящается
_fФонд ветеранов дипломатической службы
_gавтор проекта: Владимир Викторович Чхиквадзе
_gредакционная коллегия: Е. Г. Глёк и др.]
203 _aИзображение
_aТекст
_bвизуальные
_cнепосредственные
210 _aМосква
_cЧеловек
_d2025
215 _a558, [1] с.
_cил., портр., цв. ил., карты, факс.
_d30
300 _aДоп. информ. в ссылках QR-кодов кн.
320 _aБиблиогр. в подстроч. примеч.
601 0 2 _aБрестская крепость
_jКниги памяти
_xОборона
_xГерои и героизм
_z1941
_92377264
_3RU\NLR\AUTH\661418565
606 1 _aВеликая Отечественная война
_jКниги памяти
_xГерои и героизм
_yБрестская область (Белоруссия)
_z1941 - 1945
_92698378
_3RU\NLR\AUTH\6601766791
686 1 _aТ3(2)722.782(2Б-4Бр)
686 1 _aЦ35(2)722-424д(2Б-4Бр)
686 1 _aЦ35(2)722.212.11-424д
702 1 _aЧхиквадзе
_bВ. В.
_gВладимир Викторович
_4570
702 1 _aГлёк
_bЕ. Г.
_4340
712 0 2 _4570
_aФонд ветеранов дипломатической службы
_cМосква
_9698710
_3RU\NLR\AUTH\880518956
942 _cBOOK
980 _aNB